| 000 | 00612nam a2200157 a 4500 | ||
|---|---|---|---|
| 008 | 120416s2004 ||||||||||||||||| || u | ||
| 050 | _aIBRD(08) | ||
| 100 | _aWellenius, Bjorn | ||
| 245 | 1 | 0 | _aPrivate provision of rural infrastructure services: competing for subsidies |
| 260 |
_aWashington, D. C. _bWorld Bank _c2004 |
||
| 300 | _a28p. : ill. | ||
| 350 | _a0.00 | ||
| 650 | _aINFRASTRUCTURE--ECONOMICS--DEVELOPMENT | ||
| 700 | _aMalmberg-Calvo, Christina | ||
| 995 |
_D0.00 _FCBU-MAIN LIBRARY (Kitwe) _H1 _I0.00 _M1 _UAVAILABLE _ZInternational Publications |
||
| 999 |
_c54679 _d54679 |
||